000 00373 a2200169 4500
001 183609
020 _a85-08-09451-5
040 _cMagnum
100 _aGarrafa, Eduardo
240 1 0 _aQuando meu pai saiu de casa
_lpor
245 1 0 _aQuando meu pai saiu de casa
300 _a175
362 0 _a2004
440 1 _aÁtica
697 _aLITERATURA JUVENIL
942 _cBK
999 _c183609
_d183609